Catálogo
 En Linea

IV Centenario del descubrimiento de América. Congreso literario hispano-americano organizado por la asociación de escritores y artistas españoles é iniciado por su presidente el excmo. SR. D. Gaspar Núñez de Arce / (Registro nro. 33136)

Detalles MARC
000 -CABECERA
campo de control de longitud fija 00626nam a2200133 a 4500
001 - NÚMERO DE CONTROL
campo de control 000033645
005 - FECHA Y HORA DE LA ÚLTIMA TRANSACCIÓN
campo de control 20200930070418.0
008 - DATOS DE LONGITUD FIJA--INFORMACIÓN GENERAL
campo de control de longitud fija 110902s1893 sp 000 0 spa d
040 ## - FUENTE DE LA CATALOGACIÓN
Centro catalogador/agencia de origen DO-SdBNP
Lengua de catalogación spa
Centro/agencia transcriptor BNPHU
245 00 - MENCIÓN DE TÍTULO
Título IV Centenario del descubrimiento de América. Congreso literario hispano-americano organizado por la asociación de escritores y artistas españoles é iniciado por su presidente el excmo. SR. D. Gaspar Núñez de Arce /
Mención de responsabilidad, etc. Gaspar Núñez de Arce.
260 ## - PUBLICACIÓN, DISTRIBUCIÓN, ETC.
Lugar de publicación, distribución, etc. Madrid :
Nombre del editor, distribuidor, etc. Establecimiento tipográfico de Ricardo Fé,
Fecha de publicación, distribución, etc. 1893.
300 ## - DESCRIPCIÓN FÍSICA
Extensión 631 p. ;
Dimensiones 26 cm.
500 ## - NOTA GENERAL
Nota general 31 de octubre á 10 de noviembre de 1892
Existencias
Estado de retiro Estado de pérdida Restricciones de uso No para préstamo Código de colección Localización permanente Ubicación/localización actual Ubicación en estantería Fecha de adquisición Número de inventario Total de préstamos Signatura topográfica completa Código de barras Fecha visto por última vez Precio válido a partir de Tipo de ítem Koha
      Excluido de préstamo Monografías: Libros y Folletos General General En catalogación 02.09.2011 LF1   33645-10 25.06.2020 25.06.2020 No se presta

Con tecnología Koha